Quelle cité antique a colonisé ces villes ? - Statistiques

Statistiques générales
  • Ce quiz a été pris 46 fois
  • Le résultat moyen est 4 sur 20
Statistiques - réponses
Hint Réponse % Correct
MONACO MARSEILLE
51%
AVIGNON MARSEILLE
47%
MARSEILLE PHOCÉE
44%
MILET ATHÈNES
35%
ÉPHÈSE ATHÈNES
30%
NICE MARSEILLE
30%
PHOCÉE ATHÈNES
26%
CORFOU CORINTHE
26%
DURRËS CORINTHE
16%
SYRACUSE CORINTHE
14%
AZOV MILET
14%
CATANE CHALCIS
12%
REGGIO DE CALABRE CHALCIS
12%
TRÉBIZONDE MILET
12%
SAMSUN MILET
12%
POUZZOLES CUMES
9%
BYZANCE / ISTANBUL MÉGARE
9%
MESSINE CUMES
7%
NAPLES CUMES
5%
CHALCÉDOINE MÉGARE
5%
Aucun quiz correspondant
Distribution des résultats
% des personnes avec chaque résultat
Percentile par nombre de réponses
Votre historique - résultats
Vous n’avez pas pris ce quiz